000 00572nam a2200205 a 4500
005 20140310183221.0
008 030917s19uu xx 00 eng d
020 _a0-7506-4854-6
050 _aG 155
_b.Ev16 2003
100 _aEvans, Nigel
245 _aStrategic Management for travel and tourism /
_cNigel Evans.
260 _aOxford :
_bButterworth-Heinemann,
_c2003.
300 _aviii, 412 p. :
_bill. ;
_c25cm.
500 _aIncludes Index
521 _aTOU
650 _aTourism
650 _aStrategic planning
942 _cBK
_2lcc
_kFOR
999 _c20318
_d20318